Where's My Border Gone? (US States) Quiz Stats

 Plays Quiz Updated Dec 17, 2014

Challenge
Share
Tweet
Score 0/20 Timer 05:00
1 Play Today
% Correct
California - Nevada
98%
Washington -
Oregon
97.7%
Arizona - New Mexico
95.8%
Georgia - Florida
95.6%
Texas -
Louisiana
95.1%
Idaho - Montana
94.1%
Utah - Colorado
92.7%
Mississippi -
Alabama
91.5%
Ohio - Pennsylvania
90.8%
Michigan -
Indiana
90.5%
% Correct
Kentucky -
Tennessee
90%
Oklahoma - Arkansas
89.8%
Wisconsin -
Illinois
89.7%
New York -
New Jersey
88.7%
West Virginia -
Virginia
88.6%
Maine - New
Hampshire
88.1%
South Dakota -
Nebraska
87.6%
Kansas - Missouri
87.4%
Minnesota -
Iowa
86.1%
Connecticut -
Massachusetts
79.2%

You're not logged in!

Compare scores with friends on all Sporcle quizzes.
OR
Log In

You Might Also Like...

Show Comments

Extras

Top Quizzes Today


Score Distribution

Your Account Isn't Verified!

In order to create a playlist on Sporcle, you need to verify the email address you used during registration. Go to your Sporcle Settings to finish the process.

Report this User

Report this user for behavior that violates our Community Guidelines.

Details: